000 01057nam2a22002651 4500
001 rc\4175426
005 20130415191727.1
021 _aRU
_b[52-36126]
035 _a(NLR Aleph) 008186287
090 _a7947162
_c7947162
100 _a20130415d1952 |||y0rusy50 ca
101 0 _arus
102 _aRU
105 _aacg z |||e|
200 1 _aПереписка и воспоминания
_f[Ред. В.А. Киселев и др.]
210 _aМосква
_cИзд-во Акад. наук СССР
_d1952
215 _a355 с., 1 л. портр.
_cил., нот. ил.
461 0 _1001rc\4175425
_12001#$aМатериалы и документы$f[Подгот. акад. Б.В. Асафьевым]$gАкад. наук СССР. Ин-т истории искусств. Т. 1-$vТ. 1
_1700#1$aТанеев$bС.И.$f1856-1915$gСергей Иванович
702 1 _aКиселев
_bВ. А.
_4340
801 0 _aRU
_bNLR
_gpsbo
801 1 _aRU
_bELAR
_2rusmarc
852 _aNLR
_jИс80 Г-7/26
852 _aNLR
_jКрII/2850
942 _cBOOK
980 _aNB